00326nam a2200121Ia 4500008004100000082001300041100001600054245003300070260002700103300000800130630003300138730003300171100122s9999 xx 000 0 und d b44670a1 aCHAUHAN R J aLIMCA BOOK OF RECORDS : 1991 bBISLERI BEVERGESc1991 a237 aLIMCA BOOK OF RECORDS : 1991 aLIMCA BOOK OF RECORDS : 1991